[Event "European Senior Team Championship 2021"]
[Site "Don Giovanni hotel, Vinohradska 2733, Prague, Czech Republic"]
[Date "2021.09.06"]
[Round "8"]
[Board "4"]
[White "Hammar, Bengt"]
[Black "Wagner-Michel, Annett"]
[Result "1-0"]
[WhiteElo "2130"]
[BlackElo "2011"]
[PlyCount "0"]
[EventDate "2021.08.30"]
[EventType "team"]
[EventRounds "9"]
[EventCountry "ECX"]
[WhiteTeam "SWEDEN 1"]
[BlackTeam "GERMANY 1 WOMEN"]

1. e4 {[%clk 1:30:15]} c5 {[%clk 1:30:52]} 2. Nf3 {[%clk 1:29:54]} Nc6
{[%clk 1:31:19]} 3. Nc3 {[%clk 1:29:12]} d6 {[%clk 1:30:19]} 4. d4
{[%clk 1:29:14]} cxd4 {[%clk 1:30:37]} 5. Nxd4 {[%clk 1:29:36]} Nf6
{[%clk 1:31:02]} 6. Be2 {[%clk 1:26:14]} e5 {[%clk 1:30:09]} 7. Nb3
{[%clk 1:26:27]} Be7 {[%clk 1:30:05]} 8. Bg5 {[%clk 1:25:16]} Be6
{[%clk 1:26:48]} 9. Qd2 {[%clk 1:23:21]} O-O {[%clk 1:21:35]} 10. Rd1
{[%clk 1:22:02]} Ne8 {[%clk 1:09:15]} 11. Be3 {[%clk 1:15:49]} Nf6
{[%clk 0:57:02]} 12. f3 {[%clk 1:11:31]} a6 {[%clk 0:49:39]} 13. O-O
{[%clk 1:10:50]} Rc8 {[%clk 0:43:30]} 14. Nd5 {[%clk 1:08:51]} Bxd5
{[%clk 0:42:29]} 15. exd5 {[%clk 1:09:12]} Nb8 {[%clk 0:38:07]} 16. c4
{[%clk 1:07:55]} Nbd7 {[%clk 0:33:11]} 17. Na5 {[%clk 1:05:34]} Qc7
{[%clk 0:32:16]} 18. b4 {[%clk 1:05:26]} Rfe8 {[%clk 0:27:53]} 19. Rc1
{[%clk 1:04:18]} Bd8 {[%clk 0:27:47]} 20. Rfd1 {[%clk 1:00:41]} Qb8
{[%clk 0:27:14]} 21. Nb3 {[%clk 1:00:47]} b6 {[%clk 0:18:12]} 22. Kh1
{[%clk 0:57:24]} Qa8 {[%clk 0:17:52]} 23. Qd3 {[%clk 0:45:37]} h6
{[%clk 0:16:28]} 24. a3 {[%clk 0:45:22]} a5 {[%clk 0:14:27]} 25. c5
{[%clk 0:38:31]} bxc5 {[%clk 0:14:34]} 26. bxc5 {[%clk 0:38:51]} a4
{[%clk 0:14:40]} 27. c6 {[%clk 0:39:06]} Nb6 {[%clk 0:14:29]} 28. Bxb6
{[%clk 0:34:14]} Bxb6 {[%clk 0:14:56]} 29. Nd2 {[%clk 0:34:35]} Bd4
{[%clk 0:09:15]} 30. Qc4 {[%clk 0:33:22]} Bb2 {[%clk 0:08:18]} 31. Rc2
{[%clk 0:32:53]} Bd4 {[%clk 0:07:48]} 32. Rb1 {[%clk 0:32:27]} Rb8
{[%clk 0:07:08]} 33. Rxb8 {[%clk 0:31:41]} Rxb8 {[%clk 0:07:18]} 34. Qa6
{[%clk 0:25:56]} Bc5 {[%clk 0:04:41]} 35. c7 {[%clk 0:25:49]} Rc8
{[%clk 0:02:49]} 36. Qxa8 {[%clk 0:26:12]} Rxa8 37. Ba6 {[%clk 0:26:32]} Nxd5
{[%clk 0:02:24]} 38. c8=Q+ {[%clk 0:26:51]} Rxc8 {[%clk 0:02:43]} 39. Bxc8
{[%clk 0:27:19]} Ne3 {[%clk 0:03:03]} 40. Rc3 {[%clk 0:24:23]} Nd1
{[%clk 0:02:46]} 41. Rxc5 {[%clk 0:24:17]} dxc5 {[%clk 0:03:12]} 42. Nc4
{[%clk 0:24:31]} f6 {[%clk 0:02:53]} 43. Bd7 {[%clk 0:24:50]} Nc3
{[%clk 0:03:00]} 44. Kg1 {[%clk 0:24:06]} Kf7 {[%clk 0:27:42]} 45. Kf2
{[%clk 0:54:04]} Ke7 {[%clk 0:28:10]} 46. Bf5 {[%clk 0:54:15]} Nb5
{[%clk 0:27:02]} 47. Bc2 {[%clk 0:53:58]} Nc3 {[%clk 0:26:16]} 48. Ke3
{[%clk 0:53:49]} Ke6 {[%clk 0:24:53]} 49. Kd3 {[%clk 0:53:37]} Nd5
{[%clk 0:24:54]} 50. g3 {[%clk 0:53:52]} f5 {[%clk 0:25:17]} 51. Bxa4
{[%clk 0:49:01]} e4+ {[%clk 0:25:11]} 52. fxe4 {[%clk 0:49:24]} fxe4+
{[%clk 0:25:33]} 53. Kd2 {[%clk 0:49:49]} g5 {[%clk 0:23:25]} 54. Bc6
{[%clk 0:44:09]} h5 {[%clk 0:18:21]} 55. a4 {[%clk 0:44:15]} h4 {[%clk 0:17:14]}
56. a5 {[%clk 0:44:24]} hxg3 {[%clk 0:17:30]} 57. hxg3 {[%clk 0:44:52]} e3+
{[%clk 0:13:59]} 58. Nxe3 {[%clk 0:42:43]} Nb4 {[%clk 0:13:16]} 59. Bb5
{[%clk 0:42:45]} Kd6 {[%clk 0:13:35]} 60. Kc3 {[%clk 0:42:34]}  1-0

[Event "European Senior Team Championship 2021"]
[Site "Don Giovanni hotel, Vinohradska 2733, Prague, Czech Republic"]
[Date "2021.09.06"]
[Round "8"]
[Board "1"]
[White "Jurek, Josef"]
[Black "Semakoff, Aleks"]
[Result "1-0"]
[WhiteElo "2208"]
[BlackElo "1996"]
[PlyCount "0"]
[EventDate "2021.08.30"]
[EventType "team"]
[EventRounds "9"]
[EventCountry "ECX"]
[WhiteTeam "SK SOKOL VYSEHRAD"]
[BlackTeam "GOLDEN OLDIES"]

1. c4 {[%clk 1:30:49]} e5 {[%clk 1:30:25]} 2. g3 {[%clk 1:30:59]} Nf6
{[%clk 1:30:26]} 3. Bg2 {[%clk 1:31:11]} d5 {[%clk 1:25:35]} 4. cxd5
{[%clk 1:31:19]} Nxd5 {[%clk 1:26:03]} 5. Nc3 {[%clk 1:30:46]} Nb6
{[%clk 1:25:42]} 6. Nf3 {[%clk 1:30:49]} Nc6 {[%clk 1:25:53]} 7. O-O
{[%clk 1:30:58]} Be7 {[%clk 1:25:27]} 8. d3 {[%clk 1:30:01]} O-O {[%clk 1:25:04]}
9. Be3 {[%clk 1:29:47]} Re8 {[%clk 1:21:38]} 10. a3 {[%clk 1:13:36]} a5
{[%clk 1:16:41]} 11. Rc1 {[%clk 1:09:42]} Be6 {[%clk 1:08:35]} 12. Nd2
{[%clk 1:00:57]} Nd5 {[%clk 1:02:43]} 13. Nxd5 {[%clk 1:00:51]} Bxd5
{[%clk 1:02:54]} 14. Bxd5 {[%clk 0:57:48]} Qxd5 {[%clk 1:01:48]} 15. Qb3
{[%clk 0:56:59]} Qxb3 {[%clk 0:56:18]} 16. Nxb3 {[%clk 0:57:12]} a4
{[%clk 0:51:29]} 17. Nd2 {[%clk 0:55:39]} h6 {[%clk 0:47:41]} 18. Rc4
{[%clk 0:52:41]} Bd6 {[%clk 0:42:28]} 19. Rfc1 {[%clk 0:49:41]} Ra5
{[%clk 0:40:38]} 20. Ne4 {[%clk 0:47:15]} f5 {[%clk 0:35:46]} 21. Nc5
{[%clk 0:42:47]} Bxc5 {[%clk 0:35:11]} 22. Bxc5 {[%clk 0:41:15]} Kf7
{[%clk 0:31:42]} 23. Kf1 {[%clk 0:38:25]} Ke6 {[%clk 0:29:58]} 24. Be3
{[%clk 0:37:56]} Rd8 {[%clk 0:28:24]} 25. f4 {[%clk 0:34:34]} exf4
{[%clk 0:27:56]} 26. Bxf4 {[%clk 0:28:04]} Rd7 {[%clk 0:27:52]} 27. Bd2
{[%clk 0:25:20]} Ra8 {[%clk 0:27:33]} 28. h3 {[%clk 0:21:12]} h5 {[%clk 0:27:11]}
29. Kf2 {[%clk 0:20:47]} g6 {[%clk 0:25:35]} 30. Bf4 {[%clk 0:20:28]} Rg7
{[%clk 0:15:33]} 31. Rc5 {[%clk 0:17:02]} g5 {[%clk 0:14:18]} 32. Bd2
{[%clk 0:16:47]} h4 {[%clk 0:10:05]} 33. Rg1 {[%clk 0:11:42]} hxg3+
{[%clk 0:09:08]} 34. Rxg3 {[%clk 0:11:56]} g4 {[%clk 0:06:37]} 35. hxg4
{[%clk 0:09:49]} fxg4 {[%clk 0:06:31]} 36. Rc4 {[%clk 0:08:57]} Ne5
{[%clk 0:04:34]} 37. Re4 {[%clk 0:08:01]} Rf7+ {[%clk 0:04:56]} 38. Ke1
{[%clk 0:04:41]} Kd5 {[%clk 0:03:57]} 39. Bc3 {[%clk 0:04:32]} Rf5
{[%clk 0:03:15]} 40. Bxe5 {[%clk 0:02:51]} Rxe5 {[%clk 0:03:42]} 41. Rxe5+
{[%clk 0:02:44]} Kxe5 {[%clk 0:04:09]} 42. Rxg4 {[%clk 0:02:55]} c6
{[%clk 0:01:21]} 43. Kd2 {[%clk 0:02:50]} b5 {[%clk 0:27:57]} 44. Rg6
{[%clk 0:29:16]} Rc8 {[%clk 0:21:09]} 45. Kc3 {[%clk 0:28:52]} Kf5
{[%clk 0:18:51]} 46. Rh6 {[%clk 0:28:55]} Kf4 {[%clk 0:14:34]} 47. Kd4
{[%clk 0:25:21]} c5+ {[%clk 0:14:24]} 48. Kc3 {[%clk 0:24:38]} Ke3
{[%clk 0:11:23]} 49. Re6+ {[%clk 0:24:19]} Kf2 {[%clk 0:10:35]} 50. Kd2
{[%clk 0:23:49]} b4 {[%clk 0:09:49]} 51. Rf6+ {[%clk 0:23:34]} Kg3
{[%clk 0:09:47]} 52. Ra6 {[%clk 0:23:22]} bxa3 {[%clk 0:09:12]} 53. bxa3
{[%clk 0:23:34]} c4 {[%clk 0:08:17]} 54. Rxa4 {[%clk 0:23:40]}  1-0

[Event "European Senior Team Championship 2021"]
[Site "Don Giovanni hotel, Vinohradska 2733, Prague, Czech Republic"]
[Date "2021.09.06"]
[Round "8"]
[Board "2"]
[White "Taksrud, Vidar"]
[Black "Netusil, Miloslav"]
[Result "0-1"]
[WhiteElo "1910"]
[BlackElo "2146"]
[PlyCount "0"]
[EventDate "2021.08.30"]
[EventType "team"]
[EventRounds "9"]
[EventCountry "ECX"]
[WhiteTeam "GOLDEN OLDIES"]
[BlackTeam "SK SOKOL VYSEHRAD"]

1. d4 {[%clk 1:30:55]} d5 {[%clk 1:30:47]} 2. Nf3 {[%clk 1:31:19]} Bf5
{[%clk 1:30:30]} 3. c4 {[%clk 1:29:32]} e6 {[%clk 1:30:52]} 4. Nc3
{[%clk 1:29:41]} Nf6 {[%clk 1:31:02]} 5. e3 {[%clk 1:29:08]} c6 {[%clk 1:31:25]}
6. Bd2 {[%clk 1:28:19]} Nbd7 {[%clk 1:31:23]} 7. cxd5 {[%clk 1:27:32]} exd5
{[%clk 1:31:42]} 8. Be2 {[%clk 1:27:27]} h6 {[%clk 1:31:57]} 9. Rc1
{[%clk 1:27:48]} Bd6 {[%clk 1:31:50]} 10. O-O {[%clk 1:27:13]} O-O
{[%clk 1:32:03]} 11. a3 {[%clk 1:25:32]} a5 {[%clk 1:24:51]} 12. Na4
{[%clk 1:22:14]} Qe7 {[%clk 1:24:53]} 13. Qe1 {[%clk 1:11:21]} Ne4
{[%clk 1:24:41]} 14. Bxa5 {[%clk 1:06:26]} Ndf6 {[%clk 1:24:41]} 15. Nb6
{[%clk 1:02:56]} Ra7 {[%clk 1:19:06]} 16. Nh4 {[%clk 0:53:35]} Bh7
{[%clk 1:16:14]} 17. f4 {[%clk 0:49:43]} Bc7 {[%clk 1:11:14]} 18. Bb4
{[%clk 0:45:07]} Nd6 {[%clk 1:09:12]} 19. Bc5 {[%clk 0:45:03]} Qxe3+ 20. Qf2
Qxf2+ {[%clk 1:08:17]} 21. Rxf2 {[%clk 0:45:43]} Bxb6 {[%clk 1:07:22]} 22. Bxb6
{[%clk 0:45:58]} Raa8 {[%clk 1:07:46]} 23. f5 {[%clk 0:44:22]} Nfe4
{[%clk 1:06:42]} 24. Rf4 {[%clk 0:42:26]} g5 {[%clk 1:06:53]} 25. fxg6
{[%clk 0:42:50]} fxg6 {[%clk 1:07:16]} 26. Rxf8+ {[%clk 0:42:05]} Rxf8
{[%clk 1:07:40]} 27. Rf1 {[%clk 0:39:31]} Rxf1+ {[%clk 1:07:52]} 28. Kxf1
{[%clk 0:39:55]} Nc4 {[%clk 1:06:38]} 29. Bc7 {[%clk 0:37:09]} Nxb2
{[%clk 1:06:41]} 30. Bg4 {[%clk 0:35:06]} g5 {[%clk 1:02:25]} 31. Nf3
{[%clk 0:34:32]} Nf6 {[%clk 1:01:40]} 32. Bc8 {[%clk 0:31:02]} Bd3+
{[%clk 0:59:55]} 33. Ke1 {[%clk 0:30:54]} Ba6 {[%clk 1:00:12]} 34. Ne5
{[%clk 0:30:42]} Kg7 {[%clk 0:41:10]} 35. Nxc6 {[%clk 0:27:39]} Nd3+
{[%clk 0:41:03]} 36. Kd2 {[%clk 0:27:37]} Ne4+ {[%clk 0:40:58]} 37. Ke3
{[%clk 0:27:41]} Ne1 {[%clk 0:40:56]} 38. Bg3 {[%clk 0:22:38]} Nc2+
{[%clk 0:38:22]} 39. Kf3 {[%clk 0:22:43]} Nd2+ {[%clk 0:31:47]} 40. Kg4
{[%clk 0:22:39]} Ne3+ {[%clk 0:32:09]} 41. Kh3 {[%clk 0:20:14]} h5
{[%clk 0:21:30]} 42. Bf2 {[%clk 0:14:39]} g4+ {[%clk 0:17:57]} 43. Kh4
{[%clk 0:14:03]} Nxg2+ {[%clk 0:18:07]} 44. Kxh5 {[%clk 0:13:18]} Be2
{[%clk 0:17:30]} 45. Bxg4 {[%clk 0:12:42]} bxc6 {[%clk 0:17:47]} 46. Bxe2
{[%clk 0:10:59]} Nf4+ {[%clk 0:18:08]} 47. Kg4 {[%clk 0:11:12]} Nxe2
{[%clk 0:18:33]} 48. a4 {[%clk 0:11:18]} Nc4 {[%clk 0:17:25]} 49. Kf5
{[%clk 0:10:49]} Kf7 {[%clk 0:15:46]} 50. h4 {[%clk 0:11:08]} Nc3
{[%clk 0:14:04]} 51. h5 {[%clk 0:10:02]} Nxa4 {[%clk 0:13:57]} 52. h6
{[%clk 0:10:06]} Nab6 {[%clk 0:13:33]} 53. Bh4 {[%clk 0:09:15]} Nd6+
{[%clk 0:13:44]} 54. Ke5 {[%clk 0:09:23]} Nbc4+ {[%clk 0:14:01]} 55. Kf4
{[%clk 0:09:45]} Kg6 {[%clk 0:14:13]} 56. Be7 {[%clk 0:09:04]} Kxh6
{[%clk 0:14:25]} 57. Bh4 {[%clk 0:04:47]} Kg6 {[%clk 0:14:41]} 58. Be1
{[%clk 0:04:28]} Kf7 {[%clk 0:15:05]} 59. Bb4 {[%clk 0:04:35]} Ke6
{[%clk 0:15:31]} 60. Kg5 {[%clk 0:03:31]} Nf5 {[%clk 0:15:49]} 61. Bc5
{[%clk 0:01:38]} Ncd6 {[%clk 0:15:54]} 62. Kf4 {[%clk 0:01:38]} Nb5
{[%clk 0:16:17]}  0-1

[Event "European Senior Team Championship 2021"]
[Site "Don Giovanni hotel, Vinohradska 2733, Prague, Czech Republic"]
[Date "2021.09.06"]
[Round "8"]
[Board "3"]
[White "Groh, Jiri"]
[Black "Johnsen, Oystein"]
[Result "0-1"]
[WhiteElo "2020"]
[BlackElo "1958"]
[PlyCount "0"]
[EventDate "2021.08.30"]
[EventType "team"]
[EventRounds "9"]
[EventCountry "ECX"]
[WhiteTeam "SK SOKOL VYSEHRAD"]
[BlackTeam "GOLDEN OLDIES"]

1. Nf3 {[%clk 1:29:50]} d5 {[%clk 1:30:44]} 2. c4 {[%clk 1:29:58]} c6
{[%clk 1:30:51]} 3. d4 {[%clk 1:29:20]} Nf6 {[%clk 1:30:35]} 4. Nc3
{[%clk 1:28:59]} a6 {[%clk 1:30:09]} 5. a4 {[%clk 1:28:18]} e6 {[%clk 1:27:26]}
6. Bg5 {[%clk 1:27:30]} Bb4 {[%clk 1:26:04]} 7. e3 {[%clk 1:22:32]} Qa5
{[%clk 1:24:58]} 8. Bxf6 {[%clk 1:12:08]} Bxc3+ {[%clk 1:24:24]} 9. bxc3
{[%clk 1:12:32]} Qxc3+ {[%clk 1:24:42]} 10. Nd2 {[%clk 1:12:40]} gxf6
{[%clk 1:24:50]} 11. cxd5 {[%clk 1:11:55]} exd5 {[%clk 1:24:02]} 12. Rc1
{[%clk 1:10:53]} Qa5 {[%clk 1:23:13]} 13. Bd3 {[%clk 1:10:14]} Be6
{[%clk 1:13:52]} 14. O-O {[%clk 1:06:47]} Nd7 {[%clk 1:10:15]} 15. f4
{[%clk 1:04:31]} Bg4 {[%clk 1:03:41]} 16. Qc2 {[%clk 0:56:15]} f5
{[%clk 0:50:37]} 17. Rb1 {[%clk 0:44:29]} Rb8 {[%clk 0:39:01]} 18. Rb2
{[%clk 0:42:56]} Qc7 {[%clk 0:33:14]} 19. Rfb1 {[%clk 0:37:42]} O-O
{[%clk 0:30:19]} 20. Bxf5 {[%clk 0:36:45]} Bxf5 {[%clk 0:30:20]} 21. Qxf5
{[%clk 0:37:08]} b6 {[%clk 0:21:11]} 22. e4 {[%clk 0:33:00]} Qd6 {[%clk 0:20:56]}
23. Rb3 {[%clk 0:28:31]} Qe6 {[%clk 0:18:48]} 24. Qh5 {[%clk 0:19:12]} Kh8
{[%clk 0:15:01]} 25. f5 {[%clk 0:18:11]} Qe7 {[%clk 0:13:33]} 26. Rh3
{[%clk 0:16:37]} f6 {[%clk 0:13:41]} 27. Re1 {[%clk 0:11:42]} Rbe8
{[%clk 0:10:43]} 28. e5 {[%clk 0:09:43]} fxe5 {[%clk 0:09:30]} 29. dxe5
{[%clk 0:09:54]} Nf6 {[%clk 0:08:47]} 30. Qh6 {[%clk 0:04:36]} Ng4
{[%clk 0:08:04]} 31. Qg6 Qc5+ {[%clk 0:07:58]} 32. Ree3 {[%clk 0:01:32]} Qxe3+
{[%clk 0:07:47]} 33. Rxe3 {[%clk 0:01:57]} hxg6 {[%clk 0:08:06]} 34. Rh3+
{[%clk 0:02:24]} Kg7 {[%clk 0:07:06]} 35. f6+ {[%clk 0:02:39]} Nxf6
{[%clk 0:07:26]}  0-1

[Event "European Senior Team Championship 2021"]
[Site "Don Giovanni hotel, Vinohradska 2733, Prague, Czech Republic"]
[Date "2021.09.06"]
[Round "8"]
[Board "4"]
[White "Bjorgvik, Jan Arne"]
[Black "Slechta, Karel"]
[Result "1-0"]
[WhiteElo "1722"]
[BlackElo "1836"]
[PlyCount "0"]
[EventDate "2021.08.30"]
[EventType "team"]
[EventRounds "9"]
[EventCountry "ECX"]
[WhiteTeam "GOLDEN OLDIES"]
[BlackTeam "SK SOKOL VYSEHRAD"]

1. e4 {[%clk 1:30:34]} c5 {[%clk 1:31:24]} 2. Nf3 {[%clk 1:30:50]} Nc6
{[%clk 1:31:47]} 3. d4 {[%clk 1:30:57]} cxd4 {[%clk 1:32:10]} 4. Nxd4
{[%clk 1:31:19]} Nf6 {[%clk 1:32:32]} 5. Nc3 {[%clk 1:31:41]} d6 {[%clk 1:32:50]}
6. Be2 {[%clk 1:30:23]} g6 {[%clk 1:32:40]} 7. O-O {[%clk 1:29:04]} Bg7
{[%clk 1:33:00]} 8. Be3 {[%clk 1:26:44]} O-O {[%clk 1:32:16]} 9. h3
{[%clk 1:25:59]} Bd7 {[%clk 1:31:01]} 10. Qd2 {[%clk 1:20:46]} a6
{[%clk 1:30:15]} 11. Rfd1 {[%clk 1:15:12]} Qc7 {[%clk 1:21:52]} 12. Nxc6
{[%clk 1:06:07]} Bxc6 {[%clk 1:02:56]} 13. Bf3 {[%clk 1:02:13]} Rac8
{[%clk 0:56:53]} 14. Rac1 {[%clk 0:55:13]} b5 {[%clk 0:54:54]} 15. a3
{[%clk 0:53:51]} Bb7 {[%clk 0:54:37]} 16. Bh6 {[%clk 0:49:56]} Rfd8
{[%clk 0:49:54]} 17. Bxg7 {[%clk 0:49:44]} Kxg7 {[%clk 0:50:13]} 18. Qe3
{[%clk 0:48:39]} Qc5 {[%clk 0:47:23]} 19. Qxc5 {[%clk 0:48:17]} Rxc5
{[%clk 0:47:22]} 20. e5 {[%clk 0:48:15]}  1-0

[Event "European Senior Team Championship 2021"]
[Site "Don Giovanni hotel, Vinohradska 2733, Prague, Czech Republic"]
[Date "2021.09.06"]
[Round "8"]
[Board "1"]
[White "Lomer, Edmund"]
[Black "Nordstrom, Felix"]
[Result "0-1"]
[WhiteElo "2013"]
[BlackElo "2083"]
[PlyCount "0"]
[EventDate "2021.08.30"]
[EventType "team"]
[EventRounds "9"]
[EventCountry "ECX"]
[WhiteTeam "GERMAN NORTH TEAM"]
[BlackTeam "SWEDEN 2"]

1. Nf3 {[%clk 1:30:55]} d5 {[%clk 1:30:41]} 2. g3 {[%clk 1:31:04]} g6
{[%clk 1:30:18]} 3. Bg2 {[%clk 1:31:21]} Bg7 {[%clk 1:30:29]} 4. d4
{[%clk 1:31:14]} Nf6 {[%clk 1:30:44]} 5. O-O {[%clk 1:31:10]} O-O
{[%clk 1:30:53]} 6. c4 {[%clk 1:30:59]} c6 {[%clk 1:30:32]} 7. cxd5
{[%clk 1:30:57]} cxd5 {[%clk 1:30:52]} 8. Nc3 {[%clk 1:31:01]} Nc6
{[%clk 1:30:35]} 9. Ne5 {[%clk 1:30:23]} e6 {[%clk 1:29:45]} 10. Nxc6
{[%clk 1:29:26]} bxc6 {[%clk 1:30:11]} 11. Na4 {[%clk 1:29:00]} Nd7
{[%clk 1:28:51]} 12. b3 {[%clk 1:28:03]} Ba6 {[%clk 1:23:28]} 13. Ba3
{[%clk 1:27:48]} Re8 {[%clk 1:23:43]} 14. Rc1 {[%clk 1:27:27]} Bb5
{[%clk 1:16:39]} 15. Nc3 {[%clk 1:25:21]} Qa5 {[%clk 1:07:29]} 16. Nxb5
{[%clk 1:23:13]} cxb5 {[%clk 1:05:28]} 17. Bc5 {[%clk 1:21:50]} Nxc5
{[%clk 0:55:14]} 18. Rxc5 {[%clk 1:21:26]} Qxa2 {[%clk 0:47:37]} 19. Rxb5
{[%clk 1:20:04]} Rab8 {[%clk 0:41:56]} 20. Rxb8 {[%clk 1:17:40]} Rxb8
{[%clk 0:42:22]} 21. e3 {[%clk 1:16:20]} Qxb3 {[%clk 0:40:36]} 22. Qa1
{[%clk 1:16:08]} Qb6 {[%clk 0:40:09]} 23. Qa4 {[%clk 1:15:43]} a5
{[%clk 0:32:37]} 24. Ra1 {[%clk 1:15:41]} Ra8 {[%clk 0:32:08]} 25. Bf1
{[%clk 1:15:42]} Bf8 {[%clk 0:29:57]} 26. h4 {[%clk 1:14:40]} Bb4
{[%clk 0:28:42]} 27. h5 {[%clk 1:14:22]} Rc8 {[%clk 0:27:28]} 28. Qd1
{[%clk 1:12:01]} Qc7 {[%clk 0:26:25]} 29. Qf3 {[%clk 1:11:39]} Qc3
{[%clk 0:25:16]} 30. Rd1 {[%clk 1:10:45]} a4 {[%clk 0:23:09]} 31. hxg6
{[%clk 1:08:31]} hxg6 {[%clk 0:23:05]} 32. Bh3 {[%clk 1:08:37]} Re8
{[%clk 0:15:58]} 33. Qe2 {[%clk 1:06:28]} a3 {[%clk 0:12:23]} 34. Qb5
{[%clk 1:06:06]} Re7 {[%clk 0:09:25]} 35. Qb8+ {[%clk 1:04:42]} Kg7
{[%clk 0:09:48]} 36. Qa8 {[%clk 1:02:30]} Qb3 {[%clk 0:05:49]} 37. Bg4
{[%clk 1:02:24]} Rc7 {[%clk 0:02:57]} 38. Kg2 {[%clk 1:01:51]} Bf8
{[%clk 0:02:37]} 39. Rh1 {[%clk 1:01:15]} Qb7 {[%clk 0:01:03]} 40. Qd8
{[%clk 0:57:55]} f5 {[%clk 0:00:39]} 41. Bf3 {[%clk 0:57:19]} Re7
{[%clk 0:24:01]} 42. Qd6 {[%clk 1:27:10]} a2 {[%clk 0:19:58]} 43. Qa3
{[%clk 1:01:56]} Qa7 {[%clk 0:19:31]} 44. Qc3 {[%clk 1:00:52]} Rc7
{[%clk 0:17:19]} 45. Qa1 {[%clk 0:59:59]} Bb4 {[%clk 0:14:15]}  0-1

[Event "European Senior Team Championship 2021"]
[Site "Don Giovanni hotel, Vinohradska 2733, Prague, Czech Republic"]
[Date "2021.09.06"]
[Round "8"]
[Board "2"]
[White "Carlsten, Peter"]
[Black "Van Bentum, Horst"]
[Result "1/2-1/2"]
[WhiteElo "1945"]
[BlackElo "1989"]
[PlyCount "0"]
[EventDate "2021.08.30"]
[EventType "team"]
[EventRounds "9"]
[EventCountry "ECX"]
[WhiteTeam "SWEDEN 2"]
[BlackTeam "GERMAN NORTH TEAM"]

1. e4 {[%clk 1:30:47]} e5 {[%clk 1:30:47]} 2. Nf3 {[%clk 1:30:44]} Nc6
{[%clk 1:31:05]} 3. Bb5 {[%clk 1:30:40]} a6 {[%clk 1:31:14]} 4. Ba4
{[%clk 1:30:57]} Nf6 {[%clk 1:31:14]} 5. O-O {[%clk 1:31:10]} Be7
{[%clk 1:30:37]} 6. Re1 {[%clk 1:31:16]} b5 {[%clk 1:30:52]} 7. Bb3
{[%clk 1:31:41]} d6 {[%clk 1:30:52]} 8. c3 {[%clk 1:32:01]} O-O {[%clk 1:30:58]}
9. h3 {[%clk 1:32:17]} Na5 {[%clk 1:30:47]} 10. Bc2 {[%clk 1:32:40]} c5
{[%clk 1:30:59]} 11. d4 {[%clk 1:32:58]} Qc7 {[%clk 1:31:08]} 12. Nbd2
{[%clk 1:31:04]} Nc6 {[%clk 1:31:18]} 13. d5 {[%clk 1:28:43]} Nd8
{[%clk 1:31:28]} 14. a4 {[%clk 1:27:07]} Rb8 {[%clk 1:31:13]} 15. axb5
{[%clk 1:27:22]} axb5 {[%clk 1:31:35]} 16. c4 {[%clk 1:25:58]} b4
{[%clk 1:31:07]} 17. Nf1 {[%clk 1:25:07]} Ne8 {[%clk 1:30:45]} 18. Ng3
{[%clk 1:23:30]} g6 {[%clk 1:30:21]} 19. Bh6 {[%clk 1:22:27]} Ng7
{[%clk 1:30:23]} 20. Qd2 {[%clk 1:20:38]} f6 {[%clk 1:30:00]} 21. Nh2
{[%clk 1:07:52]} Nf7 {[%clk 1:28:28]} 22. Be3 {[%clk 1:06:04]} Bd7
{[%clk 1:28:20]}  1/2-1/2

[Event "European Senior Team Championship 2021"]
[Site "Don Giovanni hotel, Vinohradska 2733, Prague, Czech Republic"]
[Date "2021.09.06"]
[Round "8"]
[Board "3"]
[White "Kundt, Guenther"]
[Black "Dalling, Peter"]
[Result "1/2-1/2"]
[WhiteElo "1751"]
[BlackElo "1828"]
[PlyCount "0"]
[EventDate "2021.08.30"]
[EventType "team"]
[EventRounds "9"]
[EventCountry "ECX"]
[WhiteTeam "GERMAN NORTH TEAM"]
[BlackTeam "SWEDEN 2"]

1. d4 {[%clk 1:30:57]} Nf6 {[%clk 1:30:53]} 2. c4 {[%clk 1:31:20]} e6
{[%clk 1:31:17]} 3. Nf3 {[%clk 1:31:23]} d5 {[%clk 1:31:39]} 4. cxd5
{[%clk 1:30:34]} exd5 {[%clk 1:31:51]} 5. Nc3 {[%clk 1:30:36]} Be7
{[%clk 1:30:20]} 6. Bg5 {[%clk 1:30:05]} O-O {[%clk 1:30:08]} 7. e3
{[%clk 1:28:59]} Bg4 {[%clk 1:27:44]} 8. Be2 {[%clk 1:26:43]} b6 {[%clk 1:24:08]}
9. O-O {[%clk 1:25:11]} c6 {[%clk 1:19:08]} 10. Ne5 {[%clk 1:21:31]} Bxe2
{[%clk 1:19:23]} 11. Qxe2 {[%clk 1:21:26]} Nfd7 {[%clk 1:15:39]} 12. Bxe7
{[%clk 1:20:18]} Qxe7 {[%clk 1:16:02]} 13. Nd3 {[%clk 1:18:39]} Nf6
{[%clk 1:15:30]} 14. b4 {[%clk 1:07:34]} Nbd7 {[%clk 1:14:11]} 15. Rfc1
{[%clk 0:54:26]} Rfc8 {[%clk 1:13:37]} 16. Rab1 {[%clk 0:43:58]} c5
{[%clk 1:11:22]} 17. bxc5 {[%clk 0:43:38]} bxc5 {[%clk 1:08:21]} 18. dxc5
{[%clk 0:39:26]} Nxc5 {[%clk 1:08:35]} 19. Nb4  1/2-1/2